| 000 | 02957nam0a2200409 4500 | ||
|---|---|---|---|
| 001 | RU\NLR\BIBL_A\012340557 | ||
| 005 | 20260407115656.0 | ||
| 035 | _a(NLR Aleph) 012340557 | ||
| 090 |
_a11519766 _c11519766 |
||
| 100 | _a20200921d1903 |||y0rusy50 ca | ||
| 101 | 0 | _arus | |
| 102 | _aRU | ||
| 105 | _ay z 000zy | ||
| 181 | 0 |
_ai _baxxe |
|
| 182 | 0 | _an | |
| 200 | 1 |
_aО сохранении за Министром Финансов полномочия разрешать привоз из-за границы семянных дрожжей для надобностей виноделия без оплаты сих дрожжей акцизом _eпредставление по сему делу разослано Членам Государственного Совета в печатных экземплярах _fГосударственный Совет в Соединенных Департаментах Государственной Экономии, Законов и Промышленности, Наук и Торговли, Министерство Финансов. 13 марта 1903 года. № 122 |
|
| 203 |
_aТекст _bвизуальный _cнепосредственный |
||
| 210 |
_a[С.- Петербург _cб. и.] _d1903 |
||
| 215 |
_a1 с. _d33 |
||
| 300 | _aВ конце текста: Подписали: Граф Сольский, Ф. Тернер, П. Сабуров [и др.]; Скрепил: Статс-Секретарь С. Тецнер | ||
| 300 | _aНа с. 1: CDXLIV, 2 | ||
| 309 | _aБез тит. л. и обл. | ||
| 601 | 0 | 2 |
_aРоссия _bМинистерство финансов _jДокументы и материалы _91554792 _3RU\NLR\AUTH\66980077 |
| 686 | 3 | _aУ26(28)11-212.113,011 | |
| 702 | 1 |
_4720 _8rus _7ca _aСольский _bД. М. _cгос. деятель _f1833-1910 _gДмитрий Мартынович _3RU\NLR\AUTH\7783181 _966109 |
|
| 702 | 1 |
_4720 _7ca _8rus _aТернер _bФ. Г. _cгос. деятель _f1828-1906 _gФедор Густавович _9156929 _3RU\NLR\AUTH\770156969 |
|
| 702 | 1 |
_4720 _aСабуров _bП. А. _cдипломат _f1835-1918 _gПетр Александрович _9164024 _3RU\NLR\AUTH\770164068 |
|
| 702 | 1 |
_4720 _7ca _8rus _aТецнер _bС. К. _f1858-1903 _gСергей Константинович _9237791 _3RU\NLR\AUTH\770237847 |
|
| 711 | 0 | 1 |
_aРоссия _bМинистерство финансов _3RU\NLR\AUTH\889947360 _9390360 |
| 711 | 0 | 1 |
_aРоссия _bГосударственный совет _3RU\NLR\AUTH\889948587 _9392796 |
| 712 | 0 | 1 |
_4570 _aРоссия _bСоединенные департаменты государственной экономии, законов и промышленности, наук и торговли _9726611 _3RU\NLR\AUTH\880532162 |
| 852 |
_aNLR _j135/294-361 (5) |
||
| 942 | _cBOOK | ||
| 980 | _aNB | ||